Prípad hemoragickej horúčky s renálnym syndrómom (HFRS) na strednom Slovensku v roku 1990

Podrobná bibliografia
Hlavní autori: Palanová, Adela (Autor), Grešíková, Milota, 1928- (Autor), Sékeyová, Magdaléna (Autor), Javorský, Pavol (Autor), Reinhardt, Peter (Autor)
Médium: Článok
Jazyk:slovenčina
Fyzický popis:Tab. 1, res. angl., nem., lit. 11 zázn. v angl., maď., slov.
Predmet:

MARC

LEADER 00000nab a2200000 a 4500
001 vtls000483432
003 SK-MaSNL
005 20260426052052.0
008 230223c1993 xo 0 slo
015 |a SNBRB19rr/mm-uuuuu 
035 |a CL0483567 
035 |a urn:nbn:sk:snk-abbs8 
035 |a (urnnbn)urn:nbn:sk:snk:ar-a056fv 
035 |a (uuid)74136087-1265-489c-8cec-c3be9e296b78 
040 |a SNKBUCL  |b slo  |c SNKBUCL  |e AACR2 
041 0 |a slo 
044 |a xo  |c SK 
080 |a 616.98:616.61-008.64  |2 1981 
080 |a 616.61-008.64  |2 1981 
245 0 0 |a Prípad hemoragickej horúčky s renálnym syndrómom (HFRS) na strednom Slovensku v roku 1990  |c Adela Palanová ... [et al.] 
300 |b Tab. 1, res. angl., nem., lit. 11 zázn. v angl., maď., slov. 
648 7 |a 1990  |2 snkbucl  |9 276735 
650 0 7 |a horúčka hemoragická s renálnym syndrómom  |2 snkbucl  |9 1182437 
651 7 |a Slovensko stredné  |2 snkbucl  |9 163655 
655 7 |a články z novín a časopisov  |2 snkbucl  |9 267496 
700 1 |a Palanová, Adela  |4 aut  |9 1182438 
700 1 |a Grešíková, Milota,  |d 1928-  |4 aut  |9 213810 
700 1 |a Sékeyová, Magdaléna  |4 aut  |9 1137387 
700 1 |a Javorský, Pavol  |4 aut  |9 1182439 
700 1 |a Reinhardt, Peter  |4 aut  |9 1182440 
773 0 |t Slovenský lekár  |g Roč. 3 (17), č. 4 (1993), s. 8-9 
850 |a Slovenská národná knižnica v Martine  |a MTA001 
852 |a SNK  |b KIS3GCP 
954 |a odborná, vedecká literatúra pôvodná (slovenská)  |2 lita 
958 |a RK 
958 |a ME 
958 |a NB 
958 |a OND 
958 |a EUIPO 
958 |a article27 
992 |a RBX 
999 |c 2047598  |d 2049528